Central Library OPAC University of Rajshahi

A Handbook of Korea. (Record no. 25052)

MARC details
000 -LEADER
fixed length control field 00910mam a2200313 a 4500
001 - CONTROL NUMBER
control field 25052
003 - CONTROL NUMBER IDENTIFIER
rucl marc code BD-RjUL
005 - DATE AND TIME OF LATEST TRANSACTION
control field 20211209050826.0
008 - FIXED-LENGTH DATA ELEMENTS--GENERAL INFORMATION
fixed length control field 140316s1993 njua b 001 0 eng d
020 ## - INTERNATIONAL STANDARD BOOK NUMBER
International Standard Book Number 1565910222
035 ## - SYSTEM CONTROL NUMBER
System control number (OCoLC)173525106
System control number (OCoLC)ocn173525106
System control number (CStRLIN)NYFA93-B2836
System control number (BD-RjUL)25121
System control number (NNC)1588189
040 ## - CATALOGING SOURCE
Original cataloging agency NNFIT
Transcribing agency NNFIT
Language of cataloging eng
Modifying agency BD-RjUL
041 ## - LANGUAGE CODE
Language code of text/sound track or separate title eng
082 ## - DEWEY DECIMAL CLASSIFICATION NUMBER
Classification number 951.9
Author mark and year HAN
245 02 - TITLE STATEMENT
Title A Handbook of Korea.
250 ## - EDITION STATEMENT
Edition statement 9th ed.
260 ## - PUBLICATION, DISTRIBUTION, ETC. (IMPRINT)
Place of publication, distribution, etc. Elizabeth, NJ :
Name of publisher, distributor, etc. Hollym,
Date of publication, distribution, etc. 1993.
300 ## - PHYSICAL DESCRIPTION
Pagination 592 p. :
Illustrations ill. (some col.) ;
Size 24 cm.
500 ## - GENERAL NOTE
General note Prepared by Korean Overseas Information Service.
504 ## - BIBLIOGRAPHY, ETC. NOTE
Bibliography, etc Includes bibliographical references (p. 559-571) and index.
651 #0 - SUBJECT ADDED ENTRY--GEOGRAPHIC NAME
Geographic name Korea.
9 (RLIN) 77061
Geographic name Korea (South)
9 (RLIN) 77062
710 1# - ADDED ENTRY--CORPORATE NAME
Corporate name or jurisdiction name as entry element Korea (South).
Subordinate unit Haeoe Kongbogwan.
9 (RLIN) 77063
942 ## - ADDED ENTRY ELEMENTS (KOHA)
Source of classification or shelving scheme Dewey Decimal Classification
Koha item type Books
Holdings
Lost status Source of classification or shelving scheme Damaged status Not for loan Collection code Permanent Location Current Location Shelving location Date acquired Source of acquisition Cost, normal purchase price Total Checkouts Full call number Date last seen Copy number Koha item type
  Dewey Decimal Classification   Added to bundle Non-fiction Central Library, University of Rajshahi Central Library, University of Rajshahi Reading Room 09/07/1995 Asia Fundation Gift 0.00   951.9 HAN 1993 16/03/2014 C-1 Books